Statistiques concernant Géographie du monde sur une carte n°1

Cliquez ici pour prendre le quiz!

Statistiques générales

  • Ce quiz a été pris 9 386 fois
  • Le résultat moyen est 14 sur 25

Réponses sur la Carte

Les réponses sont colorées sur une échelle allant du rouge au vert en fonction du pourcentage des utilisateurs qui les ont devinées à leur premier essai. Vous pouvez retrouver ces pourcentages ci-dessous.
Chargement ...
 

Statistiques - réponses

GenreSolution% Correct
PaysNorvège
96%
PaysUruguay
88%
Chaîne de montagnesAndes
88%
RégionCalifornie
83%
Chaîne de montagnesPyrénées
83%
PaysPapouasie-Nouvelle-
Guinée
82%
PaysNamibie
79%
VilleIstanbul
77%
VillePanama
74%
Chaîne de montagnesOural
68%
VillePyongyang
67%
PaysTurkménistan
66%
VilleSingapour
63%
RégionBalkans
56%
LacLac Victoria
54%
RégionBavière
41%
RégionTibet
41%
VilleToronto
40%
LacLac Supérieur
37%
LacLac Baïkal
34%
VilleKarachi
31%
VilleDar es Salaam
26%
LacMer d'Aral
19%
RégionNouvelle-Galles du Sud
17%
Chaîne de montagnesAlpes du Sud
10%

Distribution des résultats

Percentile par nombre de réponses

% des personnes avec chaque résultat

Votre développement - résultats

Vous n’avez pas pris ce quiz